00689nam a2200241 a 4500001001300000003000900013005001700022008004100039020001000080082001300090100001900103245004900122260002400171300001000195500003500205505002400240650002300264700001900287902000800306942000700314952011300321999001300434nice12345678IN_TiNIC20260116011335.0050524s1955 lona grp 000 0 eng  ac10000a297bKAB aKabir, Humayun aScience Democracy and Islam and Other Essays aLondonbGeorgc1955 a126p. aincludes index and biblioraphy2 aBibliographt, Index aIslam-Meccan Trade1 aKabir, Humayun bSRS cBK 001040708StackRoom-aHMIbHMId2007-07-27g100.00l0o297 KABp01105r2007-07-27v100.00w2005-05-24yBK c658d658